[Event "Titled Tue 24th Jun Early"]
[Site "chess.com INT"]
[Date "2025.06.24"]
[Round "3"]
[White "Rushbrooke, Remy"]
[Black "Devaev, Alexander"]
[Result "1-0"]
[BlackTitle "FM"]
[WhiteElo "2090"]
[BlackElo "2306"]
[WhiteFideId "443590"]
[BlackFideId "4169395"]
[EventDate "2025.06.24"]

1. Nf3 Nf6 2. g3 c5 3. Bg2 Nc6 4. c4 e6 5. Nc3 Be7 6. O-O O-O 7. d4 cxd4 8. Nxd4
Ne5 9. b3 d6 10. Bb2 a6 11. h3 Qc7 12. e4 Re8 13. f4 Ng6 14. h4 h6 15. h5 Nf8
16. Nc2 Rb8 17. Rc1 Qc5+ 18. Kh2 Qxh5+ 19. Qxh5 Nxh5 20. e5 dxe5 21. fxe5 g6 22.
Ne4 Nh7 23. g4 Ng7 24. Nf6+ Nxf6 25. exf6 Bd6+ 26. Kh1 e5 27. fxg7 Bxg4 28. Ne3
Be6 29. Rcd1 Bc5 30. Nd5 Bxd5 31. Bxd5 Re7 32. Rxf7 Rxf7 33. Rf1 Bd4 34. Rxf7
Kh7 35. Bxd4 exd4 36. Rxb7 Rxb7 37. g8=Q# 1-0

[Event "Titled Tue 24th Jun Early"]
[Site "chess.com INT"]
[Date "2025.06.24"]
[Round "3"]
[White "Henriquez Villagra, Cristobal"]
[Black "Seder, Mohammed"]
[Result "1-0"]
[WhiteTitle "GM"]
[BlackTitle "FM"]
[WhiteElo "2597"]
[BlackElo "2075"]
[WhiteFideId "3409350"]
[BlackFideId "11505567"]
[EventDate "2025.06.24"]

1. d4 e6 2. Nd2 c5 3. c3 Nc6 4. e3 Nf6 5. Bd3 e5 6. Ngf3 exd4 7. exd4 cxd4 8.
cxd4 d5 9. O-O Bg4 10. h3 Bh5 11. Qb3 Qb6 12. Re1+ Be7 13. Bb5 Qc7 14. Qe3 Bg6
15. Ne5 O-O 16. Bxc6 bxc6 17. Nxg6 hxg6 18. Qxe7 Qb6 19. Qc5 Qc7 20. Nf3 Ne4 21.
Qc2 Rfe8 22. Be3 Rab8 23. Rac1 Rb6 24. b3 f6 25. Nd2 Nd6 26. Qxg6 Qe7 27. Nf3
Ne4 28. Nh4 Nd6 29. Bd2 Qd7 30. Nf5 Rxe1+ 31. Rxe1 Qxf5 32. Re8+ Nxe8 33. Qxf5
Kf8 34. Qd7 1-0

[Event "Titled Tue 24th Jun Early"]
[Site "chess.com INT"]
[Date "2025.06.24"]
[Round "3"]
[White "Winkels, Marcel"]
[Black "Fronda, Jan Jodilyn"]
[Result "0-1"]
[WhiteTitle "CM"]
[BlackTitle "WIM"]
[WhiteElo "1905"]
[BlackElo "2115"]
[WhiteFideId "1003887"]
[BlackFideId "5204585"]
[EventDate "2025.06.24"]

1. e4 c5 2. d4 cxd4 3. c3 d5 4. exd5 Qxd5 5. Nf3 Nc6 6. cxd4 Nf6 7. Nc3 Qa5 8.
Be2 Bg4 9. O-O e6 10. Be3 Bd6 11. h3 Bh5 12. Nd2 Bxe2 13. Qxe2 O-O 14. Nc4 Qc7
15. Nb5 Bh2+ 16. Kh1 Qb8 17. g3 Bxg3 18. fxg3 Qxg3 19. Rf3 Qh4 20. Bf2 Qh5 21.
Ne5 Nxe5 22. dxe5 Nd5 23. Nd6 b6 24. Rg1 g6 25. Qe4 Rad8 26. Kh2 Rd7 27. a3 f5
28. Qa4 Rxd6 29. exd6 Qxf3 30. Rg2 Nf4 31. Qxf4 Qxf4+ 32. Bg3 Qd4 33. Re2 f4 34.
Bf2 Qxd6 0-1

[Event "Titled Tue 24th Jun Early"]
[Site "chess.com INT"]
[Date "2025.06.24"]
[Round "3"]
[White "Skliarov, Viktor"]
[Black "Klekowski, Maciej"]
[Result "0-1"]
[WhiteTitle "IM"]
[BlackTitle "GM"]
[WhiteElo "2334"]
[BlackElo "2474"]
[WhiteFideId "14106736"]
[BlackFideId "1132717"]
[EventDate "2025.06.24"]

1. e4 b6 2. d4 Bb7 3. Bd3 e6 4. Qe2 Nf6 5. Nd2 d5 6. e5 Nfd7 7. f4 c5 8. c3 Nc6
9. Ngf3 cxd4 10. Nxd4 Nc5 11. Bb5 Qc7 12. N2f3 Ne4 13. f5 exf5 14. Nxf5 O-O-O
15. Bf4 f6 16. Bxc6 Bxc6 17. N5d4 Re8 18. Nxc6 Qxc6 19. Qa6+ Qb7 20. Qxb7+ Kxb7
21. O-O Bc5+ 22. Kh1 Nf2+ 23. Rxf2 Bxf2 24. exf6 gxf6 25. Rf1 Re2 26. Bd2 Rhe8
27. g3 a5 28. a4 Bc5 29. b4 Rf2 30. Rxf2 Bxf2 31. bxa5 bxa5 32. Kg2 Be3 33. Be1
Bb6 34. Bd2 Re4 35. Kf1 Rxa4 0-1

[Event "Titled Tue 24th Jun Early"]
[Site "chess.com INT"]
[Date "2025.06.24"]
[Round "3"]
[White "Ivashentseva, Dominika"]
[Black "Abdou Ahmed Alem"]
[Result "1-0"]
[WhiteTitle "WCM"]
[BlackTitle "CM"]
[WhiteElo "1969"]
[BlackElo "2002"]
[WhiteFideId "34331050"]
[BlackFideId "19603720"]
[EventDate "2025.06.24"]

1. d4 f5 2. Nf3 Nf6 3. g3 e6 4. Bg2 d5 5. O-O Bd6 6. c4 c6 7. c5 Bc7 8. Nc3 b6
9. b4 a5 10. bxa5 bxc5 11. dxc5 Bxa5 12. Qd4 O-O 13. Bf4 Nbd7 14. Bd6 Bxc3 15.
Qxc3 Ne4 16. Qc2 Nxd6 17. cxd6 c5 18. Nd2 Ba6 19. Nb3 Bc4 20. Rfd1 Qb6 21. Rab1
Qa7 22. Rb2 Rfb8 23. Rdb1 Rb4 24. Nd2 Rxb2 25. Rxb2 Bxa2 26. g4 Qa4 27. gxf5
Qxc2 28. Rxc2 exf5 29. Rxa2 Rxa2 30. Bxd5+ Kf8 31. Bxa2 Nf6 32. Nc4 Ke8 33. Ne5 1-0

[Event "Titled Tue 24th Jun Early"]
[Site "chess.com INT"]
[Date "2025.06.24"]
[Round "3"]
[White "Pavlidou, Ekaterini"]
[Black "Llari, Marc"]
[Result "0-1"]
[WhiteTitle "WIM"]
[BlackTitle "FM"]
[WhiteElo "2198"]
[BlackElo "2334"]
[WhiteFideId "4213262"]
[BlackFideId "651044269"]
[EventDate "2025.06.24"]

1. d4 e6 2. c4 f5 3. e4 fxe4 4. Nc3 Nf6 5. f3 exf3 6. Nxf3 Be7 7. Bd3 O-O 8. Qc2
Nc6 9. Bg5 Nb4 10. Qe2 Nxd3+ 11. Qxd3 h6 12. Bd2 b6 13. O-O-O Bb7 14. Ne5 d6 15.
Ng6 Rf7 16. Rhe1 Qd7 17. Qh3 Re8 18. Re3 Bd8 19. Rg3 e5 20. Qxd7 Nxd7 21. d5 Kh7
22. Ne4 Nf6 23. Nxf6+ Bxf6 24. h4 Bc8 25. h5 Bf5 26. Rf1 Bd7 27. Kc2 b5 28. b3
bxc4 29. bxc4 Ba4+ 30. Kb2 e4+ 31. Ka3 Bc2 32. Bc3 e3 33. Bxf6 Rxf6 34. Re1 e2
35. Kb2 Rf1 0-1

[Event "Titled Tue 24th Jun Early"]
[Site "chess.com INT"]
[Date "2025.06.24"]
[Round "3"]
[White "Nazin, Roman"]
[Black "Anakok, Deniz"]
[Result "1-0"]
[WhiteTitle "CM"]
[BlackTitle "CM"]
[WhiteElo "2250"]
[BlackElo "2058"]
[WhiteFideId "4137167"]
[BlackFideId "51603586"]
[EventDate "2025.06.24"]

1. d4 Nf6 2. Nf3 e6 3. c4 b6 4. e3 Bb7 5. Bd3 Be7 6. O-O O-O 7. Qe2 d5 8. Nc3
Nbd7 9. cxd5 exd5 10. Ba6 Qc8 11. Bxb7 Qxb7 12. Bd2 c5 13. Rfd1 Rfd8 14. Rac1
Ne4 15. Be1 Rac8 16. dxc5 Ndxc5 17. Nd4 Bf6 18. f3 Nxc3 19. Bxc3 Na4 20. Be1
Bxd4 21. exd4 Rxc1 22. Rxc1 Rc8 23. Rxc8+ Qxc8 24. b3 Nc3 25. Qc2 Qe6 26. Qxc3
h6 27. Bg3 Qe2 28. a4 Qd1+ 29. Be1 Qe2 30. h3 Qd1 31. Kh2 Qb1 32. b4 Qd1 33. Bg3
Qxa4 34. Qc8+ Kh7 35. Qf5+ Kg8 36. Qxd5 Qxb4 37. Qd8+ Kh7 38. d5 a5 39. d6 a4
40. Qe8 a3 41. d7 a2 42. d8=Q a1=Q 43. Qd3+ g6 44. Qxf7+ Qg7 45. Qdxg6+ Kh8 46.
Qgxg7# 1-0

[Event "Titled Tue 24th Jun Early"]
[Site "chess.com INT"]
[Date "2025.06.24"]
[Round "3"]
[White "Omariev, Maksim"]
[Black "Kjaergaard-Jensen, Jesper"]
[Result "1-0"]
[WhiteTitle "FM"]
[BlackTitle "CM"]
[WhiteElo "2304"]
[BlackElo "2081"]
[WhiteFideId "4193423"]
[BlackFideId "1406990"]
[EventDate "2025.06.24"]

1. b3 a5 2. Bb2 a4 3. c4 e6 4. Qc1 axb3 5. axb3 Rxa1 6. Bxa1 Nc6 7. Nf3 Nf6 8.
g3 b6 9. Bg2 Bb7 10. O-O Qa8 11. Nc3 Na5 12. Nb5 Bd6 13. Nxd6+ cxd6 14. Qa3 Ke7
15. Bd4 Qa6 16. Ra1 Ra8 17. d3 e5 18. Bxe5 b5 19. Bxf6+ gxf6 20. Qc1 Nxb3 21.
Qe3+ Kd8 22. Rxa6 Rxa6 23. cxb5 Ra1+ 24. Bf1 Kc7 25. d4 Ra3 26. Qc3+ 1-0

[Event "Titled Tue 24th Jun Early"]
[Site "chess.com INT"]
[Date "2025.06.24"]
[Round "3"]
[White "Aaradhya Das"]
[Black "Volodin, Alexandr E."]
[Result "0-1"]
[WhiteTitle "WCM"]
[BlackTitle "FM"]
[WhiteElo "1786"]
[BlackElo "2344"]
[WhiteFideId "33361436"]
[BlackFideId "34268871"]
[EventDate "2025.06.24"]

1. e4 c5 2. Nc3 Nc6 3. Bc4 e6 4. Nf3 g6 5. d3 Bg7 6. Bg5 Nge7 7. O-O O-O 8. Re1
d6 9. e5 d5 10. Bb3 b6 11. Ba4 Bd7 12. a3 a6 13. Bb3 b5 14. Qd2 Re8 15. h4 h5
16. Qf4 Qc7 17. Bxe7 Rxe7 18. g4 hxg4 19. Qxg4 c4 20. dxc4 dxc4 21. Ba2 Nxe5 22.
Nxe5 Bxe5 23. h5 Bc6 24. Ne4 f5 25. Qg5 Bxe4 0-1

[Event "Titled Tue 24th Jun Early"]
[Site "chess.com INT"]
[Date "2025.06.24"]
[Round "3"]
[White "Donchenko, Alexander"]
[Black "Bakalchuk, Johnatan"]
[Result "1-0"]
[WhiteTitle "GM"]
[BlackTitle "IM"]
[WhiteElo "2613"]
[BlackElo "2438"]
[WhiteFideId "24603295"]
[BlackFideId "2810301"]
[EventDate "2025.06.24"]

1. d4 Nf6 2. c4 g6 3. g3 c5 4. dxc5 Bg7 5. Bg2 O-O 6. Nc3 Na6 7. Nf3 Nxc5 8. O-O
b6 9. Nd4 Bb7 10. Nd5 e6 11. Nxf6+ Qxf6 12. Bxb7 Nxb7 13. Nf3 Nc5 14. Rb1 d5 15.
cxd5 Qf5 16. Be3 Rfd8 17. Bxc5 bxc5 18. d6 e5 19. Qd5 Qc2 20. Nxe5 Qf5 21. f4
Re8 22. d7 Red8 23. e4 Qh3 24. Qxf7+ Kh8 25. Rbd1 Rab8 26. b3 Bxe5 27. fxe5 Qh6
28. e6 Qe3+ 29. Rf2 Rf8 30. d8=Q Rbxd8 31. Rxd8 Rxd8 32. Qf6+ 1-0

[Event "Titled Tue 24th Jun Early"]
[Site "chess.com INT"]
[Date "2025.06.24"]
[Round "3"]
[White "Gaal, Zsoka"]
[Black "Mateus, Martha"]
[Result "1-0"]
[WhiteTitle "WGM"]
[BlackTitle "WIM"]
[WhiteElo "2391"]
[BlackElo "1972"]
[WhiteFideId "777765"]
[BlackFideId "4401549"]
[EventDate "2025.06.24"]

1. g3 e5 2. Nf3 Nc6 3. Bg2 h5 4. d4 e4 5. Nfd2 Nxd4 6. Nxe4 Ne6 7. c4 Nf6 8.
Nbc3 h4 9. Nxf6+ Qxf6 10. Nd5 Qd8 11. Nf4 Bb4+ 12. Bd2 Nxf4 13. gxf4 Bxd2+ 14.
Qxd2 Qf6 15. O-O-O d6 16. Rhg1 a5 17. e4 O-O 18. Bf3 a4 19. Rg5 a3 20. Rdg1
axb2+ 21. Kb1 g6 22. f5 Ra3 23. Bh5 Kh8 24. Bxg6 fxg6 25. Rxg6 Bxf5 26. Qh6# 1-0

[Event "Titled Tue 24th Jun Early"]
[Site "chess.com INT"]
[Date "2025.06.24"]
[Round "3"]
[White "Ladan, Nicholas"]
[Black "Demchenko, Anton"]
[Result "0-1"]
[BlackTitle "GM"]
[WhiteElo "2218"]
[BlackElo "2619"]
[WhiteFideId "30918855"]
[BlackFideId "4160258"]
[EventDate "2025.06.24"]

1. d4 Nf6 2. c4 g6 3. Nf3 Bg7 4. g3 O-O 5. Bg2 d6 6. O-O Nbd7 7. Nc3 e5 8. e4
exd4 9. Nxd4 Nc5 10. Re1 Re8 11. h3 a5 12. Bf4 Nfd7 13. Ndb5 Ne5 14. b3 Ned3 15.
Re3 Nxf4 16. gxf4 Ne6 17. f5 Nf4 18. Rc1 Be5 19. Qg4 c6 20. Nd4 Kh8 21. Nf3 gxf5
22. Nxe5 dxe5 23. Qd1 Qh4 24. Rg3 Nh5 25. Rf3 Rg8 26. exf5 Nf4 27. Rg3 Bxf5 28.
Ne2 Nxg2 29. Kxg2 Bxh3+ 30. Kg1 Bg4 31. Rcc3 Rad8 32. Qe1 Rd6 0-1

[Event "Titled Tue 24th Jun Early"]
[Site "chess.com INT"]
[Date "2025.06.24"]
[Round "3"]
[White "Pandey, Srishti"]
[Black "Vignesh, N R"]
[Result "0-1"]
[WhiteTitle "WIM"]
[BlackTitle "GM"]
[WhiteElo "2202"]
[BlackElo "2531"]
[WhiteFideId "35093290"]
[BlackFideId "25012215"]
[EventDate "2025.06.24"]

1. e4 c5 2. Nf3 d6 3. d4 cxd4 4. Nxd4 Nf6 5. Nc3 a6 6. Be3 e5 7. Nb3 Be6 8. f3
h5 9. Qd2 Nbd7 10. Nd5 Bxd5 11. exd5 g6 12. O-O-O Nb6 13. Qa5 Bh6 14. Bxh6 Rxh6
15. Kb1 Rc8 16. c3 Qc7 17. Be2 Kf8 18. Rd2 Nc4 19. Bxc4 Qxc4 20. Rhd1 Kg7 21.
Qb6 Qc7 22. Qe3 b5 23. h3 Rhh8 24. g4 hxg4 25. hxg4 Rh3 26. Qf2 Rch8 27. Qg2 Qc4
28. g5 Nd7 29. Na5 Qf4 30. Rd3 Nc5 31. R3d2 Rh2 32. Qg4 Rxd2 33. Qxf4 Rxd1+ 34.
Kc2 exf4 35. Kxd1 0-1

[Event "Titled Tue 24th Jun Early"]
[Site "chess.com INT"]
[Date "2025.06.24"]
[Round "3"]
[White "Roebers, Jan"]
[Black "Venskaya, Nika"]
[Result "1-0"]
[WhiteTitle "FM"]
[BlackTitle "WCM"]
[WhiteElo "2056"]
[BlackElo "1926"]
[WhiteFideId "1007815"]
[BlackFideId "13523503"]
[EventDate "2025.06.24"]

1. e4 c5 2. d4 cxd4 3. c3 dxc3 4. Nxc3 Nc6 5. Nf3 e6 6. Bc4 Nf6 7. O-O Be7 8.
Qe2 d5 9. Rd1 d4 10. e5 Nd5 11. Nxd5 exd5 12. Nxd4 Nxd4 13. Rxd4 Be6 14. Bb5+
Kf8 15. Bf4 a6 16. Ba4 b5 17. Bb3 Qb6 18. Rad1 Bc5 19. Bxd5 Bxd4 20. Bxa8 Ke7
21. Bg5+ f6 22. exf6+ gxf6 23. Bd5 Bxf2+ 24. Kh1 fxg5 25. Bxe6 Qxe6 26. Qxf2 Rd8
27. Re1 1-0

[Event "Titled Tue 24th Jun Early"]
[Site "chess.com INT"]
[Date "2025.06.24"]
[Round "3"]
[White "Galperin, Platon"]
[Black "Gubajdullin, Alexei"]
[Result "1-0"]
[WhiteTitle "GM"]
[BlackTitle "FM"]
[WhiteElo "2500"]
[BlackElo "2233"]
[WhiteFideId "14165414"]
[BlackFideId "4141202"]
[EventDate "2025.06.24"]

1. d4 Nf6 2. Bf4 g6 3. Nc3 Bg7 4. e4 c6 5. e5 Nd5 6. Nxd5 cxd5 7. Qd2 Nc6 8. Nf3
h6 9. c3 b6 10. h4 a5 11. Nh2 Ba6 12. Bxa6 Rxa6 13. Ng4 h5 14. Ne3 e6 15. Qe2
Ra8 16. g4 hxg4 17. Bg5 Qc8 18. Qxg4 Qa6 19. Kd2 Qb5 20. b3 Rc8 21. h5 Nxe5 22.
dxe5 Bxe5 23. Rac1 gxh5 24. Rxh5 Rg8 25. Qf3 Qc5 26. Bf6 Bxf6 27. Qxf6 Qa3 28.
Nf5 Qc5 29. Rf1 b5 30. Rh7 1-0

[Event "Titled Tue 24th Jun Early"]
[Site "chess.com INT"]
[Date "2025.06.24"]
[Round "3"]
[White "Galchenko, Matvey"]
[Black "Cuenca Jimenez, Jose Fernando"]
[Result "1-0"]
[WhiteTitle "IM"]
[BlackTitle "GM"]
[WhiteElo "2435"]
[BlackElo "2487"]
[WhiteFideId "24175480"]
[BlackFideId "2255570"]
[EventDate "2025.06.24"]

1. e4 c5 2. c3 Nf6 3. e5 Nd5 4. Nf3 Nc6 5. Bc4 Nb6 6. Bb3 c4 7. Bc2 d5 8. exd6
Qxd6 9. O-O Bg4 10. Re1 Ne5 11. Rxe5 Bxf3 12. Qe1 Bc6 13. b3 e6 14. Na3 cxb3 15.
axb3 a6 16. Nc4 Nxc4 17. bxc4 Qc7 18. d4 Bd6 19. Rh5 O-O-O 20. c5 Be7 21. g3 g6
22. Bf4 Qd7 23. Qe5 Bd6 24. cxd6 gxh5 25. Qc5 Kb8 26. Qb6 Bb5 27. Be4 Rc8 28. d5
exd5 29. Be3 1-0

[Event "Titled Tue 24th Jun Early"]
[Site "chess.com INT"]
[Date "2025.06.24"]
[Round "3"]
[White "Kollars, Dmitrij"]
[Black "Rahman, Masruri"]
[Result "1-0"]
[WhiteTitle "GM"]
[BlackTitle "FM"]
[WhiteElo "2633"]
[BlackElo "2407"]
[WhiteFideId "12909572"]
[BlackFideId "7101163"]
[EventDate "2025.06.24"]

1. e4 e6 2. d4 d5 3. exd5 exd5 4. Nf3 Bd6 5. c4 c6 6. Nc3 Ne7 7. Bd3 dxc4 8.
Bxc4 O-O 9. O-O Nd7 10. Re1 Nb6 11. Bd3 Bf5 12. Bg5 Bxd3 13. Qxd3 f6 14. Bh4 Qd7
15. Ne4 Nbd5 16. Bg3 Bxg3 17. hxg3 b6 18. Re2 Rfd8 19. Rae1 Nf5 20. Nc3 Rac8 21.
Qa6 h5 22. Qd3 Nb4 23. Qb1 Nd5 24. Re6 Nh6 25. Qe4 Nxc3 26. bxc3 Qd5 27. Qb1 Nf5
28. c4 Qa5 29. d5 Nd6 30. Qg6 cxd5 31. Re7 Ne8 32. Rxe8+ 1-0

[Event "Titled Tue 24th Jun Early"]
[Site "chess.com INT"]
[Date "2025.06.24"]
[Round "3"]
[White "Goncharov, Vladimir"]
[Black "Mangialardo, Tiago Carvalho"]
[Result "1-0"]
[WhiteElo "2077"]
[BlackElo "1979"]
[WhiteFideId "34162256"]
[BlackFideId "2130718"]
[EventDate "2025.06.24"]

1. d4 d5 2. c4 e6 3. f3 Nf6 4. e3 c5 5. cxd5 exd5 6. Bb5+ Nc6 7. Ne2 Be7 8. Nbc3
O-O 9. O-O h5 10. Kh1 a6 11. Bxc6 bxc6 12. dxc5 Bxc5 13. Na4 Ba7 14. Nd4 Bd7 15.
b4 Qc7 16. Nc5 Bb8 17. f4 a5 18. bxa5 Rxa5 19. Ndb3 Ra8 20. Bb2 Ng4 21. Qd4 f6
22. h3 Nh6 23. e4 Ba7 24. exd5 Nf5 25. Qd3 Rab8 26. Rac1 Kh8 27. d6 1-0

[Event "Titled Tue 24th Jun Early"]
[Site "chess.com INT"]
[Date "2025.06.24"]
[Round "3"]
[White "Kravtsiv, Martyn"]
[Black "Marynychenko, Yehor"]
[Result "1-0"]
[WhiteTitle "GM"]
[BlackTitle "CM"]
[WhiteElo "2598"]
[BlackElo "2183"]
[WhiteFideId "14113147"]
[BlackFideId "34160558"]
[EventDate "2025.06.24"]

1. e4 c5 2. Nc3 Nc6 3. Bb5 Nd4 4. Nf3 e6 5. O-O a6 6. Bd3 d6 7. Nxd4 cxd4 8. Ne2
e5 9. c3 dxc3 10. dxc3 Nf6 11. c4 Be7 12. Nc3 O-O 13. h3 Be6 14. Qe2 Rc8 15. a4
Qc7 16. b3 Nd7 17. Be3 Nc5 18. Bc2 f5 19. exf5 Bxf5 20. Nd5 Qd8 21. Bxf5 Rxf5
22. Qg4 Rf7 23. Nxe7+ Rxe7 24. Bg5 Rcc7 25. b4 Nd7 26. Rad1 h6 27. Bxe7 Qxe7 28.
Rfe1 Nf6 29. Qe2 Qe6 30. Rc1 e4 31. c5 d5 32. Qe3 Qe5 33. Red1 Rd7 34. Qd4 Qe6
35. b5 Nh5 36. c6 bxc6 37. bxc6 Rf7 38. c7 Nf4 39. c8=Q+ Qxc8 40. Rxc8+ Kh7 41.
Qe3 Rf6 1-0

[Event "Titled Tue 24th Jun Early"]
[Site "chess.com INT"]
[Date "2025.06.24"]
[Round "3"]
[White "Pranesh, M"]
[Black "Tekeyev, Zaur"]
[Result "1-0"]
[WhiteTitle "GM"]
[BlackTitle "IM"]
[WhiteElo "2580"]
[BlackElo "2407"]
[WhiteFideId "35028600"]
[BlackFideId "4199731"]
[EventDate "2025.06.24"]

1. Nf3 Nf6 2. g3 g6 3. Bg2 Bg7 4. b3 d6 5. Bb2 e5 6. d4 e4 7. Nfd2 d5 8. c4 c6
9. Ba3 e3 10. fxe3 Ng4 11. Nf1 Qf6 12. Bf3 Bh6 13. Qd2 Qg5 14. h3 Nxe3 15. h4
Nxf1 16. hxg5 Nxd2 17. Rxh6 Nxf3+ 18. exf3 Be6 19. Nd2 Nd7 20. Bd6 O-O-O 21. c5
Rde8 22. Kf2 f6 23. Rah1 fxg5 24. g4 Nf8 25. Kg3 Rd8 26. Be7 Rd7 27. Bxg5 Rg8
28. Bf4 Rgg7 29. Bd6 Rxd6 30. cxd6 Kd7 31. Nf1 Kxd6 32. Ne3 Bg8 33. Nf5+ Ke6 34.
Nxg7+ Kf7 35. Nh5 gxh5 36. R1xh5 Ne6 37. Rf5+ Ke7 38. Re5 1-0

[Event "Titled Tue 24th Jun Early"]
[Site "chess.com INT"]
[Date "2025.06.24"]
[Round "3"]
[White "Sagalchik, Gennadij"]
[Black "Ben Artzi, Ido"]
[Result "0-1"]
[WhiteTitle "GM"]
[BlackTitle "IM"]
[WhiteElo "2434"]
[BlackElo "2339"]
[WhiteFideId "2007916"]
[BlackFideId "2810913"]
[EventDate "2025.06.24"]

1. d4 Nf6 2. c4 c5 3. d5 b5 4. cxb5 a6 5. bxa6 g6 6. Nc3 Bg7 7. g3 d6 8. Bg2 O-O
9. Nh3 Bxa6 10. Nf4 Nfd7 11. O-O Nb6 12. Qc2 N8d7 13. h4 c4 14. Rd1 Nc5 15. Be3
Qc7 16. Bd4 Bxd4 17. Rxd4 Bc8 18. h5 Bf5 19. e4 Bg4 20. hxg6 fxg6 21. f3 Nb3 22.
axb3 Rxa1+ 23. Kf2 Qc5 24. Nce2 g5 25. Ne6 Bxe6 26. dxe6 Qa5 27. bxc4 Qe1+ 28.
Ke3 Rc8 29. b3 Rca8 30. Qc3 Qxc3+ 31. Nxc3 R8a3 32. e5 Rxb3 33. exd6 Rxc3+ 34.
Kd2 Rxc4 35. dxe7 Rxd4+ 36. Ke3 Re1+ 37. Kxd4 Rxe6 0-1

[Event "Titled Tue 24th Jun Early"]
[Site "chess.com INT"]
[Date "2025.06.24"]
[Round "3"]
[White "Aarit Kapil"]
[Black "Erigaisi, Arjun"]
[Result "0-1"]
[WhiteTitle "CM"]
[BlackTitle "GM"]
[WhiteElo "2078"]
[BlackElo "2782"]
[WhiteFideId "33408947"]
[BlackFideId "35009192"]
[EventDate "2025.06.24"]

1. e4 b6 2. d4 Bb7 3. Nc3 e6 4. Nf3 Nf6 5. Bd3 Bb4 6. e5 Ne4 7. Bd2 Nxd2 8. Qxd2
Bxf3 9. gxf3 Nc6 10. Be4 f5 11. exf6 Qxf6 12. O-O-O d5 13. Bd3 Nxd4 14. a3 Nxf3
15. Bb5+ Kf8 16. Qe3 Bc5 17. Qd3 g6 18. h4 Kg7 19. h5 Rhf8 20. hxg6 hxg6 21. Rh3
Ne5 22. Qe2 Qg5+ 23. Kb1 Rxf2 24. Qe1 Rff8 25. Qe2 Rh8 26. Rxh8 Rxh8 27. Re1 Bd6
28. Qf2 Rf8 29. Qd4 Rf4 30. Qd1 Qf6 31. Rh1 c6 32. Be2 Bc5 33. Qe1 Bf2 34. Qf1
Rh4 35. Rxh4 Qxh4 36. Nd1 Bc5 37. b4 Be7 38. Ne3 Bf6 39. c3 Qe4+ 40. Nc2 Nc4 41.
Bxc4 Qxc4 42. Qxc4 dxc4 43. Kb2 g5 44. a4 g4 45. Ne3 g3 46. Kc2 Bg5 47. Ng2 Kg6
48. Kd1 Kf5 49. Ke2 Ke4 50. Ne1 b5 51. a5 Bc1 52. Ng2 Bb2 53. Kd2 Kf3 54. Nh4+
Kf2 55. Kc2 Ba1 0-1

[Event "Titled Tue 24th Jun Early"]
[Site "chess.com INT"]
[Date "2025.06.24"]
[Round "3"]
[White "Novikova, Marharyta"]
[Black "Logachiov, Aleksandr"]
[Result "0-1"]
[WhiteTitle "WCM"]
[BlackTitle "CM"]
[WhiteElo "1974"]
[BlackElo "2129"]
[WhiteFideId "14109689"]
[BlackFideId "24123706"]
[EventDate "2025.06.24"]

1. e4 c5 2. Nc3 a6 3. d4 cxd4 4. Qxd4 Nc6 5. Qe3 Nf6 6. Nf3 d6 7. h3 g6 8. Bc4
Bg7 9. O-O O-O 10. a4 Nd7 11. a5 Nxa5 12. Ba2 Nc6 13. Qe2 b5 14. Be3 Bb7 15.
Rab1 Nb4 16. Bb3 Rc8 17. Rfc1 Qc7 18. Nd5 Nxd5 19. exd5 Nc5 20. Ba2 Na4 21. Bd4
Nb6 22. Bxg7 Kxg7 23. Qd2 Qc5 24. b4 Qc3 25. Qf4 Nxd5 26. Qe4 e6 27. Rb3 Qf6 28.
Rd3 Rc7 29. Qe2 Nf4 30. Qd2 Nxd3 31. Qxd3 Bxf3 32. gxf3 Rc3 33. Qe4 d5 34. Qg4
h5 35. Qg3 Rxf3 36. Qg2 Rc8 37. Bb1 Rcc3 0-1

[Event "Titled Tue 24th Jun Early"]
[Site "chess.com INT"]
[Date "2025.06.24"]
[Round "3"]
[White "Shubhi Gupta"]
[Black "Cori Quispe, Kevin Joel"]
[Result "1-0"]
[WhiteTitle "WFM"]
[BlackTitle "GM"]
[WhiteElo "2188"]
[BlackElo "2464"]
[WhiteFideId "25195425"]
[BlackFideId "3814017"]
[EventDate "2025.06.24"]

1. d4 Nf6 2. c4 e6 3. Nf3 Bb4+ 4. Bd2 Be7 5. Nc3 d5 6. Bf4 c6 7. e3 Nbd7 8. h3
O-O 9. Qc2 Re8 10. Rd1 a5 11. a3 dxc4 12. Bxc4 b5 13. Bd3 Bb7 14. O-O Qb6 15.
Ne5 Nxe5 16. dxe5 Nd5 17. Bxh7+ Kh8 18. Bd3 Nxc3 19. Qxc3 b4 20. axb4 axb4 21.
Qd2 g6 22. Qe2 Kg7 23. Qg4 Rh8 24. Bg5 Qc5 25. Bxg6 fxg6 26. Rd7 Rae8 27. Qxe6
Bc8 28. Qf6+ Kg8 29. Qxg6+ Kf8 30. Bxe7+ Rxe7 31. Rd8+ 1-0

[Event "Titled Tue 24th Jun Early"]
[Site "chess.com INT"]
[Date "2025.06.24"]
[Round "3"]
[White "Mohamed, Anees M"]
[Black "Auribault, Louis"]
[Result "1-0"]
[WhiteTitle "FM"]
[BlackTitle "FM"]
[WhiteElo "2431"]
[BlackElo "2096"]
[WhiteFideId "35065815"]
[BlackFideId "45196591"]
[EventDate "2025.06.24"]

1. Nf3 Nf6 2. b3 g6 3. Bb2 Bg7 4. g3 O-O 5. Bg2 d6 6. d4 c6 7. O-O Nbd7 8. c4
Re8 9. Nc3 Qc7 10. Rc1 e5 11. e4 exd4 12. Nxd4 Nc5 13. Re1 Bg4 14. Qc2 Rad8 15.
b4 Ne6 16. Nxe6 Bxe6 17. Ne2 a5 18. a3 axb4 19. axb4 Qb6 20. c5 Qxb4 21. cxd6
Bb3 22. Qc3 Qxc3 23. Rxc3 Ba4 24. Ra3 Bb5 25. e5 Nd7 26. f4 f6 27. Nd4 fxe5 28.
Nxb5 cxb5 29. fxe5 Nxe5 30. Rae3 Nf3+ 31. Bxf3 Rxe3 32. Bd5+ 1-0